000 00758cam a22002413a 4500
001 6728
003 PGUSA
005 20140828083136.0
008 041001s2004||||xxu|||||s|||||000 | eng d
040 _aPGUSA
_beng
042 _adc
050 4 _aB
100 1 _aHegel, Georg Wilhelm Friedrich,
_d1770-1831
245 1 0 _aRede zum Schuljahresabschluß am 29. September 1809
_h[electronic resource] /
_cGeorg Wilhelm Friedrich Hegel
260 _bProject Gutenberg,
_c2004
506 _aPublic domain in the USA.
516 _aElectronic text
653 _aSpeeches, addresses, etc.
740 0 _aRede zum Schuljahresabschluss am 29. September 1809
830 0 _aProject Gutenberg
_v6728
856 4 0 _uhttp://www.gutenberg.org/ebooks/6728
942 _cEB
999 _c236048
_d236048